La representación femenina a través de la técnica del daguerrotipo en el siglo XIX en México. (1839-1860) / (Record no. 10810)

MARC details
000 -CABECERA
campo de control de longitud fija 00928nam a22002417a 4500
001 - NÚMERO DE CONTROL
campo de control BRCA_9191
003 - IDENTIFICADOR DEL NÚMERO DE CONTROL
campo de control FranzMayer
005 - FECHA Y HORA DE LA ÚLTIMA TRANSACCIÓN
campo de control 20220706162226.0
008 - DATOS DE LONGITUD FIJA--INFORMACIÓN GENERAL
campo de control de longitud fija 220706b |||||||| |||| 00| 0 spa d
040 ## - FUENTE DE LA CATALOGACIÓN
Lengua de catalogación spa
Centro/agencia transcriptor MFM
041 ## - CÓDIGO DE LENGUA
Código de lengua del texto/banda sonora o título independiente spa
050 04 - SIGNATURA TOPOGRÁFICA DE LA BIBLIOTECA DEL CONGRESO
Número de clasificación TR365
Número de documento/Ítem M46 2019
100 1# - ENTRADA PRINCIPAL--NOMBRE DE PERSONA
Nombre de persona Mena Macedo, Margarita
Término indicativo de función/relación autor.
9 (RLIN) 28427
245 13 - MENCIÓN DE TÍTULO
Título La representación femenina a través de la técnica del daguerrotipo en el siglo XIX en México. (1839-1860) /
Mención de responsabilidad, etc. Margarita Mena Macedo
260 ## - PUBLICACIÓN, DISTRIBUCIÓN, ETC.
Lugar de publicación, distribución, etc. Ciudad de México :
Fecha de publicación, distribución, etc. 2019
300 ## - DESCRIPCIÓN FÍSICA
Extensión vi 335 p. :
Otras características físicas il. y fot. ;
Dimensiones 17 x 23 cm.
500 ## - NOTA GENERAL
Nota general Tesis Doctorado (Doctora en Historia) Universidad Iberoamericana
500 ## - NOTA GENERAL
Nota general Catálogo de muestra. Selección de daguerrotipos del archivo Franz Mayer (p. 315-334)
650 0# - PUNTO DE ACCESO ADICIONAL DE MATERIA--TÉRMINO DE MATERIA
Término de materia o nombre geográfico como elemento de entrada Daguerrotipo
Subdivisión general Historia
-- Técnica
Subdivisión cronológica 1839-1860
Subdivisión geográfica México
9 (RLIN) 28428
651 ## - PUNTO DE ACCESO ADICIONAL DE MATERIA--NOMBRE GEOGRÁFICO
Nombre geográfico México
Subdivisión general Daguerrotipo
Subdivisión geográfica Mujeres
9 (RLIN) 28429
942 ## - ELEMENTOS DE PUNTO DE ACCESO ADICIONAL (KOHA)
Fuente del sistema de clasificación o colocación Library of Congress Classification
Tipo de ítem Koha Tesis
Holdings
Estado de retiro Estado de pérdida Fuente del sistema de clasificación o colocación Estado dañado No para préstamo Localización permanente Ubicación/localización actual Fecha de adquisición Total de préstamos Signatura topográfica completa Código de barras Fecha visto por última vez Número de copia Precio válido a partir de Tipo de ítem Koha
El ejemplar forma parte de la colección y puede ser consultado según las políticas vigentes.   Library of Congress Classification     Biblioteca del Museo Franz Mayer (Rogerio Casas-Alatriste) Biblioteca del Museo Franz Mayer (Rogerio Casas-Alatriste) 06/07/2022   TR365 M46 2019 TES00069 06/07/2022 1 06/07/2022 Tesis